00410 2200157 4500001002100000005001700021006001900038008004100057020002200098035002500120090001600145100001400161245002300175260003700198990001700235INLIS00000000000836920130916080718.0a ||| | 180719| ||| |  a978-979-29-3152-5 a0010-081300000000006 a384.558 - p0 aHernita P00aPinnacle studio 15 aYogyakartabCV.ANDI OFFSETc2012 a8534/PN/2013